Southville International School and Colleges
Your cart is empty.
  • Cart
  • Lists
    Public lists Eva Luna New books Lux_list list_1
    Your lists Log in to create your own lists
  • Log in to your account
  • Your cookies
  • Search history
Southville International School and Colleges
  • Advanced search
  • Recent comments
  • Most popular
  • Libraries

Log in to your account

Log in with GOOGLE


If you do not have an external account, but do have a local account, you can still log in:

  1. Home
  2. MARC view: Media and communication research methods :
Normal view MARC view ISBD view

Media and communication research methods : (Record no. 39744)

[ view plain ]
MARC details
000 -LEADER
fixed length control field 00662nam a2200205 a 4500
005 - DATE AND TIME OF LATEST TRANSACTION
control field 20140311163041.0
008 - FIXED-LENGTH DATA ELEMENTS--GENERAL INFORMATION
fixed length control field 111122s19uu xx 00 eng d
020 ## - INTERNATIONAL STANDARD BOOK NUMBER
International Standard Book Number 97814129-8777-6
050 ## - LIBRARY OF CONGRESS CALL NUMBER
Classification number P 91.3
Item number .B385 2011
100 ## - MAIN ENTRY--PERSONAL NAME
Personal name Berger, Arthur Asa
245 ## - TITLE STATEMENT
Title Media and communication research methods :
Remainder of title an introduction to qualitative and quantitative approaches /
Statement of responsibility, etc Arthur Asa Berger.
250 ## - EDITION STATEMENT
Edition statement 2nd ed.
260 ## - PUBLICATION, DISTRIBUTION, ETC. (IMPRINT)
Place of publication, distribution, etc Los Angeles :
Name of publisher, distributor, etc Sage,
Date of publication, distribution, etc 2011.
300 ## - PHYSICAL DESCRIPTION
Extent 339 p. :
Other physical details ill. ;
Dimensions 24 cm
521 ## - TARGET AUDIENCE NOTE
Target audience note
650 ## - SUBJECT ADDED ENTRY--TOPICAL TERM
Topical term or geographic name as entry element Mass media
General subdivision Research
-- Methodology
650 ## - SUBJECT ADDED ENTRY--TOPICAL TERM
Topical term or geographic name as entry element Communication
General subdivision Research
-- Methodology
942 ## - ADDED ENTRY ELEMENTS (KOHA)
Koha item type Books
Source of classification or shelving scheme Library of Congress Classification
Call number prefix Foreign
Holdings
Withdrawn status Lost status Source of classification or shelving scheme Damaged status Home library Current library Shelving location Date acquired Source of acquisition Total Checkouts Full call number Barcode Date last seen Copy number Price effective from Koha item type
    Library of Congress Classification   College Library College Library General Circulation Section 01/11/2014 Donation   P 91.3 .B385 2011 C14184 05/15/2018 1 01/11/2014 Books

Media and communication research methods :

APA

Berger A. A., . (2011). Media and communication research methods. Los Angeles: Sage.

Chicago

Berger Arthur Asa, . 2011. Media and communication research methods. Los Angeles: Sage.

Harvard

Berger A. A., . (2011). Media and communication research methods. Los Angeles: Sage.

MLA

Berger Arthur Asa, . Media and communication research methods. Los Angeles: Sage. 2011.

  • Place hold
  • Print
  • Cite
  • Add to your cart (remove)
  • Save record
    BIBTEX Dublin Core MARCXML MARC (non-Unicode/MARC-8) MARC (Unicode/UTF-8) MARC (Unicode/UTF-8, Standard) MODS (XML) RIS
  • More searches
    Search for this title in:
    Other Libraries (WorldCat) Other Databases (Google Scholar) Online Stores (Bookfinder.com) Open Library (openlibrary.org)

Exporting to Dublin Core...

SOUTHVILLE LIBRARY

Southville International School and Colleges Library

1281 Tropical Ave. Cor. Luxembourg St., BF Homes International, Las Pinas City

Tel. No. 8256374 / 252358 Loc. 117/146

Powered by Koha